000 01086nam a22001937a 4500
008 230412s2022 xxk|||||o|||| 00| 0 eng d
041 _aeng
110 _aRoyal Institution of Chartered Surveyors
245 _aGuidelines for the personal use of the RICS logo and designations by RICS qualified professionals
_h[Electronic resource]
260 _aLondon,
_bRoyal Institution of Chartered Surveyors,
_cFebruary 2022
300 _a6p.
490 _aRICS Regulation
500 _aWith effect from 2 February 2022. These guidelines set out the range of branding options available, with detailed information regarding correct usage. These guidelines, approved by the Standards and Regulation Board, should be read in conjunction with the Rules for the use of the RICS logo and designation by Firms
651 _aInternational
690 _96277
_aRICS
710 _aRoyal Institution of Chartered Surveyors
856 _uhttps://www.rics.org/content/dam/ricsglobal/documents/standards/guidelines-for-personal-use-of-rics-logo_feb20222.pdf
_zAvailable free on RICS.org
942 _n0
999 _c121464
_d121464